Gideon Kpurubu

Vanderbilt A


Categories

Beliefs4200805771.0015
History - European History0200208286.5002
Other Arts: Auditory1000157171.0011
Other Science: Math010010139139.0000
022210138141.5001
Other Academic0100108888.0011
Other Arts: Visual010010121121.0011
Science - Physics010010110110.0001
Social Science0100109393.0000
Science - Chemistry0100108383.0001
Science - Biology011059999.0001
History - World History0010-50.0000

Buzzes

Science - Biologyleukemia-526
BeliefsVodou priests1557
Beliefseating1563
Beliefscaves1564
Other Arts: AuditoryPuerto Rico1571
BeliefsYahweh1573
BeliefsKartikeya1081
History - European Historypope1082
Science - Chemistryhydrophobicity1083
History - World HistoryPaul Kagame-585